Templars and the Grail, The (Record no. 638)

000 -LEADER
fixed length control field 00311nam a22001337a 4500
003 - CONTROL NUMBER IDENTIFIER
control field OSt
008 - FIXED-LENGTH DATA ELEMENTS--GENERAL INFORMATION
fixed length control field 150208b xxu||||| |||| 00| 0 eng d
020 ## - INTERNATIONAL STANDARD BOOK NUMBER
International Standard Book Number Templars and the Gra
041 ## - LANGUAGE CODE
Language code of text/sound track or separate title eng
100 1# - MAIN ENTRY--PERSONAL NAME
Personal name Ralls, Karen
245 10 - TITLE STATEMENT
Title Templars and the Grail, The
246 10 - VARYING FORM OF TITLE
Title proper/short title Knights of the Quest
300 ## - PHYSICAL DESCRIPTION
Extent 0 pages
Holdings
Withdrawn status Lost status Damaged status Not for loan Collection code Permanent Location Current Location Date acquired Total Checkouts Barcode Date last seen Price effective from Koha item type
        Richard Drews Northern Philatelic Library Northern Philatelic Library 02/08/2015   1000294 06/28/2015 06/28/2015 Books

Powered by Koha